Major Greek City States - Statistics

General Stats
  • This quiz has been taken 149 times
  • The average score is 6 of 13
Answer Stats
Hint Answer % Correct
Archaic/ Classical Athens
99%
Archaic/ Classical Sparta
97%
Bronze Age Thebes
77%
Archaic/ Classical Thebes
77%
Archaic/ Classical Corinth
73%
Archaic/ Classical Syracuse
38%
Bronze Age Mycenae
37%
Bronze Age Knossos
32%
Bronze Age Pylos
17%
Archaic/ Classical Chalcis
10%
Archaic/ Classical Eretria
10%
Archaic/ Classical Massalia
7%
Bronze Age Tiryns
6%
No matching quizzes found
Score Distribution
Percent of People with Each Score
Percentile by Number Answered
Your Score History
You have not taken this quiz